| 000 | 00872nac a22002651i 4500 | ||
|---|---|---|---|
| 003 | EG-ScBUE | ||
| 005 | 20250618090140.0 | ||
| 008 | 250618t1990 nyua f b 001 0 eng d | ||
| 020 | _a071672121X | ||
| 040 |
_aEG-ScBUE _beng _erda _cEG-ScBUE _dEG-ScBUE |
||
| 082 | 0 | 4 |
_a539.72 _bWEI _222 |
| 100 | 1 |
_aWeinberg, Steven, _eauthor. |
|
| 245 | 1 | 4 |
_aThe discovery of subatomic particles / _cSteven Weinberg. |
| 264 | 1 |
_aNew York : _bW.H. Freeman, _c[1990] |
|
| 264 | 4 | _cc1990 | |
| 300 |
_axix, 222 pages, [2] pages of plates : _billustrations ; _c24 cm |
||
| 336 |
_2rdacontent _atext _btxt |
||
| 337 |
_aunmediated _2rdamedia _bn |
||
| 338 |
_avolume _bnc _2rdacarrier |
||
| 500 | _aDistributer: Al-Ahram. | ||
| 504 | _aIncludes bibliographical references and index. | ||
| 650 | 7 |
_aParticles (Nuclear physics) _2BUEsh |
|
| 655 | _vReading book | ||
| 942 |
_cBB _2ddc |
||
| 999 |
_c6324 _d6324 |
||